Panorama del mundo actual (Registro nro. 3106)

Detalles MARC
000 -LEADER
fixed length control field 01176 a2200205 4500
001 - CONTROL NUMBER
control field 39799
005 - DATE AND TIME OF LATEST TRANSACTION
control field 20260407155654.0
008 - FIXED-LENGTH DATA ELEMENTS--GENERAL INFORMATION
fixed length control field 260407a1970 arg spa d
003 - CONTROL NUMBER IDENTIFIER
control field AR-UNSa-BCEJYS
040 ## - CATALOGING SOURCE
Original cataloging agency AR-UNSa-BCEJYS
Language of cataloging spa
Transcribing agency AR-UNSa-BCEJYS
080 ## - UNIVERSAL DECIMAL CLASSIFICATION NUMBER
Universal Decimal Classification number 910
Common auxiliary subdivision Generalidades. La geografía como ciencia. Exploraciones. Viajes<br/>
100 1# - MAIN ENTRY--PERSONAL NAME
Personal name Bordonaba, P.
245 10 - TITLE STATEMENT
Title Panorama del mundo actual
264 #1 - PRODUCTION, PUBLICATION, DISTRIBUTION, MANUFACTURE, AND COPYRIGHT NOTICE
Place of production, publication, distribution, manufacture Barcelona :
Name of producer, publisher, distributor, manufacturer Ariel
Date of production, publication, distribution, manufacture, or copyright notice 1970
300 ## - PHYSICAL DESCRIPTION
Extent 318 p.
Dimensions 21 cm.
505 ## - FORMATTED CONTENTS NOTE
Formatted contents note Parte I.: Originalidad del mundo actual: 1. La explosión demográfica y sus corolarios - 2. ¿Una nueva resolución industrial? - 3. El fracaso del imperialismo del siglo XIX - 4. Exigüidad y solidaridad en la disparidad - Parte II: Balance del mundo actual : 1. La búsqueda de un equilibrio entre los países industriales - 2. El eje mediterráneo y el Oriente Medio.Panorabismo y petróleo - 3. Ambigüedad de Asia - 4. África - 5. ¿América latina o hemisferio americano? - Parte III: Tendencias y perspectivas: 1. La aventura urbana - 2. La búsqueda de nuevas relaciones internacionales.
590 ## - LOCAL NOTE (RLIN)
Local note niveau_biblio:m niveau_hierar:0
700 1# - ADDED ENTRY--PERSONAL NAME
Personal name George, Pierre
942 ## - ADDED ENTRY ELEMENTS (KOHA)
Koha item type
Existencias
Withdrawn status Lost status Damaged status Not for loan Home library Current library Shelving location Date acquired Total checkouts Full call number Barcode Date last seen Price effective from Koha item type
        Biblioteca Prof. Eusebio Cleto del Rey Biblioteca Prof. Eusebio Cleto del Rey   07/04/2026   910 G346 L12288 07/04/2026 07/04/2026 Libro
        Biblioteca Prof. Eusebio Cleto del Rey Biblioteca Prof. Eusebio Cleto del Rey   07/04/2026   910 G346 L12289 07/04/2026 07/04/2026 Libro
        Biblioteca Prof. Eusebio Cleto del Rey Biblioteca Prof. Eusebio Cleto del Rey   07/04/2026   910 G346 L12291 07/04/2026 07/04/2026 Libro
        Biblioteca Prof. Eusebio Cleto del Rey Biblioteca Prof. Eusebio Cleto del Rey   07/04/2026   910 G346 L33096 07/04/2026 07/04/2026 Libro
        Biblioteca Prof. Eusebio Cleto del Rey Biblioteca Prof. Eusebio Cleto del Rey   07/04/2026   910 G346 L12292 07/04/2026 07/04/2026 Libro
        Biblioteca Prof. Eusebio Cleto del Rey Biblioteca Prof. Eusebio Cleto del Rey   07/04/2026   910 G346 L33097 07/04/2026 07/04/2026 Libro
        Biblioteca Prof. Eusebio Cleto del Rey Biblioteca Prof. Eusebio Cleto del Rey   07/04/2026   910 G346 L33098 07/04/2026 07/04/2026 Libro